Logo Biblioteca

Economía / (Registro nro. 680)

Detalles MARC
000 -LEADER
fixed length control field 00696nam a22002171a 4500
003 - CONTROL NUMBER IDENTIFIER
control field AR-Ro-UNCS
005 - DATE AND TIME OF LATEST TRANSACTION
control field 20251104152213.0
008 - FIXED-LENGTH DATA ELEMENTS--GENERAL INFORMATION
fixed length control field 080619s2012 ag |||||||||||||| ||spa
020 ## - INTERNATIONAL STANDARD BOOK NUMBER
International Standard Book Number 978-987-9493-29-8
040 ## - CATALOGING SOURCE
Original cataloging agency AR-BaBN
Language of cataloging spa
Transcribing agency AR-RoUNCS
Description conventions aacr
080 ## - UNIVERSAL DECIMAL CLASSIFICATION NUMBER
Authority record control number or standard number 330(07)
100 1# - MAIN ENTRY--PERSONAL NAME
Personal name Eggers, Francisco Guillermo
Relator term autor
245 10 - TITLE STATEMENT
Title Economía /
Statement of responsibility, etc. Francisco Guillermo Eggers ; con la colaboración de Antonio Elio Brailosvsky.
250 ## - EDITION STATEMENT
Edition statement 1a ed., 1a reimp.
260 ## - PUBLICATION, DISTRIBUTION, ETC.
Place of publication, distribution, etc. Buenos Aires :
Name of publisher, distributor, etc. Maipue,
Date of publication, distribution, etc. 2012.
300 ## - PHYSICAL DESCRIPTION
Extent 223 p. ;
Dimensions 27 cm.
650 #4 - SUBJECT ADDED ENTRY--TOPICAL TERM
Topical term or geographic name entry element ECONOMÍA
General subdivision ENSEÑANZA SECUNDARIA
655 #4 - INDEX TERM--GENRE/FORM
Genre/form data or focus term MANUALES
700 1# - ADDED ENTRY--PERSONAL NAME
Personal name Brailovsky, Antonio Elio,
Dates associated with a name 1946-
Relator term colaborador
942 ## - ADDED ENTRY ELEMENTS (KOHA)
Source of classification or shelving scheme Universal Decimal Classification
Koha item type Obra General
Suppress in OPAC No
Existencias
Withdrawn status Lost status Source of classification or shelving scheme Damaged status Not for loan Collection Home library Current library Date acquired Source of acquisition Total checkouts Full call number Barcode Date last seen Price effective from Koha item type
    Universal Decimal Classification     Colección General Biblioteca Escuela de Ciencias Sociales Biblioteca Escuela de Ciencias Sociales 04/11/2025 Donación 2025   330(07) EG29 001482 04/11/2025 04/11/2025 Obra General
Biblioteca de la Escuela Preuniversitaria en Ciencias Sociales y Humanísticas.
Riobamba 250 bis.
CP 2000 - Rosario - Santa Fe
E-Mail: biblioteca@esociales.unr.edu.ar